00815nam a22002297a 45000010005000000030006000050050017000110080041000280200017000690400029000860500015001150820010001301000022001402450072001622600054002343000047002885050007003355200155003425210028004975210018005256500042005436872FISKH20250604095559.0250604b cb ||||| |||| 00| 0 eng d a087577919232 aFISKHbengcFISKHdFISKH aML3928.D65 a780.9 aDomnauer, Teresa  aMusic around the world : bA music adventure /cby Teresa Domnauer  aColumbus : bSchool Specialty Publishing, c2006. a32 pages : bcolor illustrations ; c23 cm aH  aFarkle McBride describes the music of cultures all over the world, from aboriginal hunting songs in Australia to gentle mariachi love songs in Mexico.8 a430 bLexile estimate 8 aH bRaz-Plus  aInstruments vHomeschoolxWorld music